[Event "48th Rilton Cup 2018"]
[Site "Stockholm"]
[Date "2018.12.29"]
[Round "3"]
[White "Hauge, Lars Oskar"]
[Black "Karthikeyan, Murali"]
[Result "0-1"]
[WhiteElo "2466"]
[BlackElo "2591"]
[Annotator "ChessBase"]
[PlyCount "98"]
[EventDate "2018.12.27"]
[EventType "swiss"]
[EventCountry "SWE"]
[SourceTitle "playchess.com"]
[Source "ChessBase"]
[SourceQuality "1"]
[TimeControl "40/5400+30:1800+30"]

1. d4 {[%emt 0:00:00]} Nf6 {[%emt 0:02:57]} 2. c4 {[%emt 0:00:12]} e6 {[%emt 0:00:29]} 3. Nc3 {[%emt 0:00:35]} Bb4 {[%emt 0:01:15]} 4. Qc2 {[%emt 0:00:36]} d5 {[%emt 0:00:28]} 5. cxd5 {[%emt 0:04:44]} exd5 {[%emt 0:01:12]} 6. Bg5 {[%emt 0:01:51]} h6 {[%emt 0:03:49]} 7. Bh4 {[%emt 0:02:14]} c5 {[%emt 0:08:51]} 8. dxc5 {[%emt 0:10:02]} g5 {[%emt 0:05:56]} 9. Bg3 {[%emt 0:00:27]} Ne4 {[%emt 0:04:16]} 10. Bxb8 {[%emt 0:15:37]} Bxc3+ {[%emt 0:12:58]} 11. bxc3 {[%emt 0:00:12]} Rxb8 {[%emt 0:00:06]} 12. e3 {[%emt 0:01:20]} Qf6 {[%emt 0:03:51]} 13. Nf3 {[%emt 0:06:29]} O-O {[%emt 0:02:09]} 14. Bd3 {[%emt 0:02:43]} Nxc5 {[%emt 0:01:28]} 15. Nd4 {[%emt 0:03:27]} Bd7 {[%emt 0:03:03]} 16. O-O {[%emt 0:01:27]} Rbc8 {[%emt 0:05:16]} 17. Rac1 {[%emt 0:03:49]} Rfe8 {[%emt 0:06:20]} 18. Qe2 {[%emt 0:01:59]} a6 {[%emt 0:04:16]} 19. Rfd1 {[%emt 0:02:50]} b5 {[%emt 0:08:14]} 20. Bb1 {[%emt 0:08:33]} Rc7 {[%emt 0:01:07]} 21. Qd2 {[%emt 0:04:43]} Rec8 {[%emt 0:04:12]} 22. Ne2 {[%emt 0:01:11]} Be6 {[%emt 0:01:47]} 23. Bc2 {[%emt 0:00:40]} h5 {[%emt 0:04:19]} 24. f4 {[%emt 0:02:57]} Bg4 {[%emt 0:03:02]} 25. h3 {[%emt 0:00:06]} Bxe2 {[%emt 0:00:14]} 26. Qxe2 {[%emt 0:00:04]} Ne6 {[%emt 0:00:53]} 27. Rxd5 {[%emt 0:06:59]} Rxc3 {[%emt 0:06:10]} 28. fxg5 {[%emt 0:00:07]} Qe7 {[%emt 0:01:35]} 29. Rd2 {[%emt 0:00:07]} Qxg5 {[%emt 0:01:47]} 30. Re1 {[%emt 0:00:12]} R8c5 {[%emt 0:01:07]} 31. Qf2 {[%emt 0:01:57]} Rc7 {[%emt 0:01:40]} 32. Bb3 {[%emt 0:01:36]} Rc1 {[%emt 0:00:31]} 33. Rdd1 {[%emt 0:00:48]} Rxd1 {[%emt 0:00:21]} 34. Rxd1 {[%emt 0:00:04]} h4 {[%emt 0:00:44]} 35. Rf1 {[%emt 0:07:41]} Qg3 {[%emt 0:00:15]} 36. Qd2 {[%emt 0:00:20]} Ng5 {[%emt 0:00:45]} 37. Kh1 {[%emt 0:01:14]} Qe5 {[%emt 0:00:29]} 38. Bc2 {[%emt 0:01:45]} Kg7 {[%emt 0:00:31]} 39. Rf5 {[%emt 0:01:27]} Qa1+ {[%emt 0:00:31]} 40. Kh2 {[%emt 0:00:14]} f6 {[%emt 0:00:30]} 41. Qd8 {[%emt 0:10:10]} Ne6 {[%emt 0:16:06]} 42. Qd3 {[%emt 0:10:35]} Qc3 {[%emt 0:00:31]} 43. Rf2 {[%emt 0:05:15]} Qxd3 {[%emt 0:00:15]} 44. Bxd3 {[%emt 0:00:06]} Rc3 {[%emt 0:02:44]} 45. Bf5 {[%emt 0:00:30]} Rxe3 {[%emt 0:01:26]} 46. Bxe6 {[%emt 0:00:32]} Rxe6 {[%emt 0:00:01]} 47. Rf4 {[%emt 0:00:09]} Rc6 {[%emt 0:00:55]} 48. Rg4+ {[%emt 0:03:55]} Kf7 {[%emt 0:00:08]} 49. Rxh4 {[%emt 0:00:04]} Rc2 {[%emt 0:01:30]} 0-1

[Event "48th Rilton Cup 2018"]
[Site "Stockholm"]
[Date "2018.12.29"]
[Round "3"]
[White "Lyrberg, Patrik"]
[Black "Santos Latasa, Jaime"]
[Result "1/2-1/2"]
[WhiteElo "2440"]
[BlackElo "2584"]
[Annotator "ChessBase"]
[PlyCount "101"]
[EventDate "2018.12.27"]
[EventType "swiss"]
[EventCountry "SWE"]
[SourceTitle "playchess.com"]
[Source "ChessBase"]
[SourceQuality "1"]
[TimeControl "40/5400+30:1800+30"]

1. c4 {[%emt 0:00:00]} e5 {[%emt 0:00:00]} 2. Nc3 {[%emt 0:00:16]} Nf6 {[%emt 0:00:00]} 3. g3 {[%emt 0:00:44]} d5 {[%emt 0:00:01]} 4. cxd5 {[%emt 0:00:04]} Nxd5 {[%emt 0:00:05]} 5. Bg2 {[%emt 0:00:02]} Nb6 {[%emt 0:00:07]} 6. e3 {[%emt 0:02:33]} g6 {[%emt 0:00:32]} 7. Nge2 {[%emt 0:00:11]} Bg7 {[%emt 0:00:04]} 8. d4 {[%emt 0:05:55]} exd4 {[%emt 0:00:12]} 9. exd4 {[%emt 0:01:27]} O-O {[%emt 0:00:42]} 10. O-O {[%emt 0:19:06]} c6 {[%emt 0:04:29]} 11. b4 {[%emt 0:01:30]} Be6 {[%emt 0:03:20]} 12. b5 {[%emt 0:03:28]} Nd5 {[%emt 0:01:07]} 13. Ne4 {[%emt 0:19:48]} cxb5 {[%emt 0:02:14]} 14. Nc5 {[%emt 0:04:41]} Nc6 {[%emt 0:02:09]} 15. Nxe6 {[%emt 0:03:54]} fxe6 {[%emt 0:00:20]} 16. Nf4 {[%emt 0:01:12]} Nxf4 {[%emt 0:08:24]} 17. Bxf4 {[%emt 0:00:06]} Qxd4 {[%emt 0:00:08]} 18. Qe2 {[%emt 0:00:05]} Qc4 {[%emt 0:00:16]} 19. Qxc4 {[%emt 0:00:41]} bxc4 {[%emt 0:01:29]} 20. Rab1 {[%emt 0:02:58]} Rf7 {[%emt 0:00:31]} 21. Rfe1 {[%emt 0:02:30]} Nd8 {[%emt 0:07:18]} 22. Bh3 {[%emt 0:06:16]} c3 {[%emt 0:01:18]} 23. Rxe6 {[%emt 0:04:45]} Nxe6 {[%emt 0:01:04]} 24. Bxe6 {[%emt 0:00:04]} b6 {[%emt 0:00:45]} 25. Rd1 {[%emt 0:00:16]} Re8 {[%emt 0:00:36]} 26. Bb3 {[%emt 0:00:17]} Bf8 {[%emt 0:00:48]} 27. Rd7 {[%emt 0:03:52]} Ree7 {[%emt 0:00:09]} 28. Rd3 {[%emt 0:00:07]} g5 {[%emt 0:04:35]} 29. Bxg5 {[%emt 0:03:42]} Rc7 {[%emt 0:00:15]} 30. Rf3 {[%emt 0:01:36]} Bb4 {[%emt 0:02:27]} 31. Kf1 {[%emt 0:00:43]} Kg7 {[%emt 0:02:20]} 32. Rxf7+ {[%emt 0:00:17]} Rxf7 {[%emt 0:00:05]} 33. Bxf7 {[%emt 0:00:05]} Kxf7 {[%emt 0:00:04]} 34. Ke2 {[%emt 0:00:19]} Bc5 {[%emt 0:00:06]} 35. f3 {[%emt 0:04:57]} b5 {[%emt 0:00:12]} 36. Kd3 {[%emt 0:00:12]} b4 {[%emt 0:00:09]} 37. Kc4 {[%emt 0:00:22]} Be7 {[%emt 0:00:33]} 38. Be3 {[%emt 0:02:19]} a5 {[%emt 0:01:29]} 39. Kb3 {[%emt 0:00:59]} Bd8 {[%emt 0:00:43]} 40. a3 {[%emt 0:03:15]} bxa3 {[%emt 0:03:18]} 41. Bd4 {[%emt 0:33:21]} Ke6 {[%emt 0:33:04]} 42. Bxc3 {[%emt 0:00:00]} Kd5 {[%emt 0:00:00]} 43. g4 {[%emt 0:00:00]} Bc7 {[%emt 0:00:00]} 44. h4 {[%emt 0:00:00]} Bf4 {[%emt 0:00:00]} 45. Kxa3 {[%emt 0:00:00]} Kc4 {[%emt 0:00:00]} 46. Bf6 {[%emt 0:00:00]} Kd3 {[%emt 0:00:00]} 47. g5 {[%emt 0:00:00]} Ke2 {[%emt 0:00:00]} 48. h5 {[%emt 0:00:00]} Kxf3 {[%emt 0:00:00]} 49. h6 {[%emt 0:00:00]} Bxg5 {[%emt 0:00:00]} 50. Bxg5 {[%emt 0:00:00]} Kg4 {[%emt 0:00:00]} 51. Bf6 {[%emt 0:00:00]} 1/2-1/2

[Event "48th Rilton Cup 2018"]
[Site "Stockholm"]
[Date "2018.12.29"]
[Round "3"]
[White "Roy, Prantik"]
[Black "Moroni, Luca Jr"]
[Result "1/2-1/2"]
[WhiteElo "2382"]
[BlackElo "2564"]
[Annotator "ChessBase"]
[PlyCount "77"]
[EventDate "2018.12.27"]
[EventType "swiss"]
[EventCountry "SWE"]
[SourceTitle "playchess.com"]
[Source "ChessBase"]
[SourceQuality "1"]
[TimeControl "40/5400+30:1800+30"]

1. d4 {[%emt 0:00:00]} Nf6 {[%emt 0:00:00]} 2. Bg5 {[%emt 0:00:00]} e6 {[%emt 0:00:04]} 3. e4 {[%emt 0:00:07]} h6 {[%emt 0:00:04]} 4. Bxf6 {[%emt 0:00:05]} Qxf6 {[%emt 0:00:04]} 5. Nf3 {[%emt 0:01:26]} d6 {[%emt 0:00:03]} 6. Nc3 {[%emt 0:01:04]} Nd7 {[%emt 0:01:50]} 7. Bc4 {[%emt 0:03:19]} a6 {[%emt 0:01:15]} 8. Qe2 {[%emt 0:02:09]} b5 {[%emt 0:02:41]} 9. e5 {[%emt 0:05:12]} Qd8 {[%emt 0:11:36]} 10. Bd3 {[%emt 0:03:00]} b4 {[%emt 0:03:28]} 11. Ne4 {[%emt 0:02:17]} d5 {[%emt 0:03:20]} 12. Ng3 {[%emt 0:00:38]} h5 {[%emt 0:02:09]} 13. h4 {[%emt 0:01:01]} Be7 {[%emt 0:02:47]} 14. Ng5 {[%emt 0:04:01]} Bxg5 {[%emt 0:02:45]} 15. hxg5 {[%emt 0:00:05]} g6 {[%emt 0:02:34]} 16. f4 {[%emt 0:08:58]} c5 {[%emt 0:02:02]} 17. dxc5 {[%emt 0:27:13]} Nxc5 {[%emt 0:02:18]} 18. Qf2 {[%emt 0:01:34]} Qa5 {[%emt 0:04:17]} 19. Qd4 {[%emt 0:07:03]} b3+ {[%emt 0:06:06]} 20. Ke2 {[%emt 0:00:22]} Nxd3 {[%emt 0:04:32]} 21. cxd3 {[%emt 0:01:44]} bxa2 {[%emt 0:00:51]} 22. Rhc1 {[%emt 0:04:58]} Bd7 {[%emt 0:08:43]} 23. b4 {[%emt 0:03:49]} Qa4 {[%emt 0:05:14]} 24. Qb2 {[%emt 0:01:42]} Rb8 {[%emt 0:03:00]} 25. Qxa2 {[%emt 0:00:57]} Qxa2+ {[%emt 0:04:10]} 26. Rxa2 {[%emt 0:00:05]} Rxb4 {[%emt 0:01:12]} 27. Rxa6 {[%emt 0:00:24]} O-O {[%emt 0:00:08]} 28. Ke3 {[%emt 0:02:09]} Rb3 {[%emt 0:03:26]} 29. Rca1 {[%emt 0:02:11]} Bb5 {[%emt 0:02:30]} 30. R6a3 {[%emt 0:01:06]} d4+ {[%emt 0:00:19]} 31. Kf2 {[%emt 0:05:45]} Rb2+ {[%emt 0:03:16]} 32. Ne2 {[%emt 0:00:10]} Rc8 {[%emt 0:00:22]} 33. Ra8 {[%emt 0:00:40]} Rxa8 {[%emt 0:01:09]} 34. Rxa8+ {[%emt 0:00:02]} Kg7 {[%emt 0:00:07]} 35. Rb8 {[%emt 0:00:17]} h4 {[%emt 0:01:27]} 36. Ke1 {[%emt 0:04:31]} Rb1+ {[%emt 0:00:13]} 37. Kf2 {[%emt 0:00:07]} Rb2 {[%emt 0:00:12]} 38. Ke1 {[%emt 0:00:29]} Rb1+ {[%emt 0:00:11]} 39. Kf2 {[%emt 0:00:05]} 1/2-1/2

[Event "48th Rilton Cup 2018"]
[Site "Stockholm"]
[Date "2018.12.29"]
[Round "3"]
[White "Wallace, John Paul"]
[Black "Blomqvist, Erik"]
[Result "1/2-1/2"]
[WhiteElo "2367"]
[BlackElo "2497"]
[Annotator "ChessBase"]
[PlyCount "103"]
[EventDate "2018.12.27"]
[EventType "swiss"]
[EventCountry "SWE"]
[SourceTitle "playchess.com"]
[Source "ChessBase"]
[SourceQuality "1"]
[TimeControl "40/5400+30:1800+30"]

1. c4 {[%emt 0:00:15]} e6 {[%emt 0:00:01]} 2. d4 {[%emt 0:01:43]} Nf6 {[%emt 0:00:17]} 3. Nf3 {[%emt 0:01:32]} Bb4+ {[%emt 0:01:34]} 4. Bd2 {[%emt 0:00:58]} a5 {[%emt 0:00:27]} 5. Nc3 {[%emt 0:01:53]} b6 {[%emt 0:02:57]} 6. g3 {[%emt 0:03:25]} Ba6 {[%emt 0:02:50]} 7. Qb3 {[%emt 0:10:53]} d5 {[%emt 0:05:04]} 8. cxd5 {[%emt 0:02:12]} exd5 {[%emt 0:00:05]} 9. Bg5 {[%emt 0:26:41]} O-O {[%emt 0:07:14]} 10. e3 {[%emt 0:03:21]} Bxc3+ {[%emt 0:28:09]} 11. bxc3 {[%emt 0:07:14]} a4 {[%emt 0:01:06]} 12. Qc2 {[%emt 0:08:49]} h6 {[%emt 0:01:53]} 13. Bxa6 {[%emt 0:01:08]} Rxa6 {[%emt 0:00:31]} 14. Bxf6 {[%emt 0:00:15]} Qxf6 {[%emt 0:00:04]} 15. Qe2 {[%emt 0:05:52]} b5 {[%emt 0:05:37]} 16. O-O {[%emt 0:00:34]} Re6 {[%emt 0:02:50]} 17. Ne5 {[%emt 0:02:08]} c6 {[%emt 0:00:15]} 18. f4 {[%emt 0:04:50]} Rfe8 {[%emt 0:01:35]} 19. Rae1 {[%emt 0:00:51]} Qf5 {[%emt 0:13:18]} 20. g4 {[%emt 0:01:26]} Qe4 {[%emt 0:00:04]} 21. Qd2 {[%emt 0:01:49]} f6 {[%emt 0:03:21]} 22. Nd3 {[%emt 0:00:03]} Nd7 {[%emt 0:00:53]} 23. h3 {[%emt 0:00:23]} R6e7 {[%emt 0:06:07]} 24. f5 {[%emt 0:01:14]} g5 {[%emt 0:02:55]} 25. fxg6 {[%emt 0:01:21]} Qxg6 {[%emt 0:00:05]} 26. Rf5 {[%emt 0:02:06]} Rg7 {[%emt 0:08:54]} 27. Kh2 {[%emt 0:00:02]} Qf7 {[%emt 0:00:38]} 28. Nf4 {[%emt 0:04:03]} Rg5 {[%emt 0:00:32]} 29. Rf1 {[%emt 0:00:19]} Qe7 {[%emt 0:02:10]} 30. Ng2 {[%emt 0:00:57]} Rxf5 {[%emt 0:02:25]} 31. Rxf5 {[%emt 0:00:48]} Qe4 {[%emt 0:00:48]} 32. Qf2 {[%emt 0:01:49]} a3 {[%emt 0:00:14]} 33. Qh4 {[%emt 0:00:52]} Kg7 {[%emt 0:00:47]} 34. Qh5 {[%emt 0:00:52]} Nf8 {[%emt 0:00:46]} 35. Rf4 {[%emt 0:00:37]} Qg6 {[%emt 0:00:03]} 36. Qh4 {[%emt 0:01:00]} Ne6 {[%emt 0:00:26]} 37. Rf5 {[%emt 0:00:54]} Ng5 {[%emt 0:00:18]} 38. Qg3 {[%emt 0:00:34]} Qf7 {[%emt 0:00:16]} 39. Qd6 {[%emt 0:02:38]} Re6 {[%emt 0:01:11]} 40. Qb8 {[%emt 0:00:44]} Qe8 {[%emt 0:00:47]} 41. Qf4 {[%emt 0:09:23]} Qe7 {[%emt 0:14:47]} 42. h4 {[%emt 0:00:16]} Ne4 {[%emt 0:01:15]} 43. Kh3 {[%emt 0:00:51]} Qd6 {[%emt 0:06:17]} 44. Qf3 {[%emt 0:00:48]} Re8 {[%emt 0:01:58]} 45. Nf4 {[%emt 0:01:37]} Kf7 {[%emt 0:02:12]} 46. Nh5 {[%emt 0:08:28]} Rg8 {[%emt 0:02:46]} 47. Rf4 {[%emt 0:01:48]} Ke7 {[%emt 0:01:15]} 48. Kg2 {[%emt 0:06:45]} Qe6 {[%emt 0:00:34]} 49. Kh2 {[%emt 0:01:36]} Qd6 {[%emt 0:02:39]} 50. Kg2 {[%emt 0:00:04]} Qe6 {[%emt 0:00:11]} 51. Kh2 {[%emt 0:00:14]} Qd6 {[%emt 0:00:24]} 52. Kg2 {[%emt 0:00:04]} 1/2-1/2

[Event "48th Rilton Cup 2018"]
[Site "Stockholm"]
[Date "2018.12.29"]
[Round "3"]
[White "Mikalsen, Erlend"]
[Black "Gopal G.N."]
[Result "0-1"]
[WhiteElo "2357"]
[BlackElo "2582"]
[Annotator "ChessBase"]
[PlyCount "116"]
[EventDate "2018.12.27"]
[EventType "swiss"]
[EventCountry "SWE"]
[SourceTitle "playchess.com"]
[Source "ChessBase"]
[SourceQuality "1"]
[TimeControl "40/5400+30:1800+30"]

1. e4 {[%emt 0:00:00]} c5 {[%emt 0:00:00]} 2. Nf3 {[%emt 0:00:00]} d6 {[%emt 0:00:00]} 3. d4 {[%emt 0:00:00]} cxd4 {[%emt 0:00:00]} 4. Nxd4 {[%emt 0:00:00]} Nf6 {[%emt 0:00:00]} 5. Nc3 {[%emt 0:00:00]} a6 {[%emt 0:00:00]} 6. Bc4 {[%emt 0:00:00]} e6 {[%emt 0:00:12]} 7. Bb3 {[%emt 0:00:00]} Nbd7 {[%emt 0:00:52]} 8. f4 {[%emt 0:00:00]} Nc5 {[%emt 0:01:55]} 9. f5 {[%emt 0:00:00]} Be7 10. Qf3 {[%emt 0:00:08]} O-O {[%emt 0:03:04]} 11. Be3 {[%emt 0:00:05]} Qc7 {[%emt 0:03:53]} 12. g4 {[%emt 0:00:07]} b5 {[%emt 0:13:30]} 13. g5 {[%emt 0:00:07]} Nfxe4 {[%emt 0:00:27]} 14. Nxe4 {[%emt 0:00:07]} Bb7 {[%emt 0:00:16]} 15. fxe6 Bxe4 {[%emt 0:00:47]} 16. exf7+ {[%emt 0:00:36]} Kh8 {[%emt 0:00:01]} 17. Qh5 {[%emt 0:00:07]} Nxb3 {[%emt 0:20:14]} 18. axb3 {[%emt 0:00:08]} Bg6 {[%emt 0:00:31]} 19. Qf3 {[%emt 0:01:34]} Bxf7 {[%emt 0:01:59]} 20. O-O {[%emt 0:01:35]} Qd7 {[%emt 0:08:57]} 21. Qc6 {[%emt 0:05:14]} Qg4+ {[%emt 0:17:39]} 22. Qg2 {[%emt 0:00:06]} Qxg2+ {[%emt 0:06:25]} 23. Kxg2 {[%emt 0:00:05]} Bd5+ {[%emt 0:00:06]} 24. Kg3 {[%emt 0:03:15]} Rxf1 {[%emt 0:03:36]} 25. Rxf1 {[%emt 0:00:05]} g6 {[%emt 0:00:16]} 26. h4 {[%emt 0:08:34]} Kg8 {[%emt 0:00:39]} 27. Bf4 {[%emt 0:13:24]} b4 {[%emt 0:04:53]} 28. c4 {[%emt 0:02:22]} bxc3 {[%emt 0:00:14]} 29. bxc3 {[%emt 0:00:04]} Bb7 {[%emt 0:01:49]} 30. Re1 {[%emt 0:11:10]} Kf7 {[%emt 0:02:28]} 31. h5 {[%emt 0:00:12]} Rc8 {[%emt 0:00:48]} 32. Re3 {[%emt 0:00:27]} Bf8 {[%emt 0:02:18]} 33. c4 {[%emt 0:11:46]} Re8 {[%emt 0:03:09]} 34. Rxe8 {[%emt 0:11:27]} Kxe8 {[%emt 0:00:02]} 35. h6 {[%emt 0:01:46]} d5 {[%emt 0:02:07]} 36. Ne6 {[%emt 0:07:53]} dxc4 {[%emt 0:02:10]} 37. bxc4 {[%emt 0:00:04]} Be7 {[%emt 0:00:09]} 38. Nc7+ {[%emt 0:02:33]} Kd7 {[%emt 0:00:55]} 39. Kf2 {[%emt 0:05:05]} a5 {[%emt 0:00:23]} 40. Ke3 {[%emt 0:05:18]} a4 {[%emt 0:01:10]} 41. Kd3 {[%emt 0:30:33]} Bxg5 {[%emt 0:11:13]} 42. Bxg5 {[%emt 0:00:00]} Kxc7 {[%emt 0:00:02]} 43. Be7 {[%emt 0:00:00]} Kd7 {[%emt 0:01:50]} 44. Bf8 {[%emt 0:00:00]} Ke6 {[%emt 0:01:33]} 45. Ke3 {[%emt 0:00:00]} Kf5 {[%emt 0:01:40]} 46. Kf2 {[%emt 0:00:00]} Ke4 {[%emt 0:02:30]} 47. Kg3 {[%emt 0:00:00]} Bc6 {[%emt 0:07:35]} 48. Ba3 {[%emt 0:02:50]} Kd4 {[%emt 0:02:59]} 49. c5 {[%emt 0:00:04]} Kc4 {[%emt 0:01:15]} 50. Kf4 {[%emt 0:00:07]} Kb3 {[%emt 0:00:08]} 51. Bc1 {[%emt 0:00:03]} a3 {[%emt 0:00:32]} 52. Be3 {[%emt 0:01:55]} Kc4 {[%emt 0:01:54]} 53. Ke5 {[%emt 0:00:16]} a2 {[%emt 0:00:05]} 54. Bd4 {[%emt 0:00:03]} Bb7 {[%emt 0:00:37]} 55. Ba1 {[%emt 0:00:21]} Kxc5 {[%emt 0:00:05]} 56. Kf6 {[%emt 0:01:13]} Kc4 {[%emt 0:03:33]} 57. Kg7 {[%emt 0:00:12]} g5 {[%emt 0:00:02]} 58. Kxh7 {[%emt 0:00:09]} Be4+ {[%emt 0:00:09]} 0-1

[Event "48th Rilton Cup 2018"]
[Site "Stockholm"]
[Date "2018.12.29"]
[Round "3"]
[White "Bellon Lopez, Juan Manuel"]
[Black "Holm, Kristian Stuvik"]
[Result "1/2-1/2"]
[WhiteElo "2349"]
[BlackElo "2468"]
[Annotator "ChessBase"]
[PlyCount "66"]
[EventDate "2018.12.27"]
[EventType "swiss"]
[EventCountry "SWE"]
[SourceTitle "playchess.com"]
[Source "ChessBase"]
[SourceQuality "1"]
[TimeControl "40/5400+30:1800+30"]

1. d4 {[%emt 0:00:00]} Nf6 {[%emt 0:00:29]} 2. Bf4 {[%emt 0:00:00]} c5 {[%emt 0:01:56]} 3. e3 {[%emt 0:00:03]} d5 {[%emt 0:00:32]} 4. c3 {[%emt 0:00:16]} e6 {[%emt 0:00:12]} 5. Nd2 {[%emt 0:00:13]} Bd6 {[%emt 0:00:21]} 6. Bg3 {[%emt 0:01:57]} O-O {[%emt 0:00:10]} 7. Ngf3 {[%emt 0:00:27]} Qc7 {[%emt 0:00:36]} 8. Ne5 {[%emt 0:04:55]} Nbd7 {[%emt 0:00:12]} 9. Nxd7 {[%emt 0:17:04]} Bxd7 {[%emt 0:01:37]} 10. Bxd6 {[%emt 0:03:34]} Qxd6 {[%emt 0:00:03]} 11. Be2 {[%emt 0:01:43]} e5 {[%emt 0:02:13]} 12. O-O {[%emt 0:01:22]} exd4 {[%emt 0:03:00]} 13. exd4 {[%emt 0:01:11]} cxd4 {[%emt 0:06:20]} 14. cxd4 {[%emt 0:00:04]} Qb6 {[%emt 0:02:13]} 15. Nb3 {[%emt 0:04:00]} Ne4 {[%emt 0:05:00]} 16. Bd3 {[%emt 0:01:28]} Ba4 {[%emt 0:04:00]} 17. Re1 {[%emt 0:06:30]} Rfe8 {[%emt 0:02:42]} 18. Bc2 {[%emt 0:07:56]} Bc6 {[%emt 0:04:48]} 19. Re3 {[%emt 0:05:44]} a5 {[%emt 0:07:28]} 20. Nc1 {[%emt 0:08:35]} a4 {[%emt 0:03:13]} 21. b3 {[%emt 0:01:44]} a3 {[%emt 0:04:00]} 22. Ne2 {[%emt 0:00:37]} Qb4 {[%emt 0:08:58]} 23. Qe1 {[%emt 0:01:33]} Qd6 {[%emt 0:02:40]} 24. Ng3 {[%emt 0:07:30]} Nxg3 {[%emt 0:01:05]} 25. hxg3 {[%emt 0:00:08]} Rxe3 {[%emt 0:00:29]} 26. Qxe3 {[%emt 0:01:06]} Re8 {[%emt 0:00:10]} 27. Qd2 {[%emt 0:00:42]} Qe7 {[%emt 0:01:42]} 28. Bd3 {[%emt 0:03:02]} g6 {[%emt 0:03:50]} 29. Kf1 {[%emt 0:02:22]} Qf6 {[%emt 0:00:43]} 30. Qf4 {[%emt 0:00:33]} Qe7 {[%emt 0:00:11]} 31. Qd2 {[%emt 0:00:31]} Qf6 {[%emt 0:00:19]} 32. Qf4 {[%emt 0:00:49]} Qe7 {[%emt 0:00:11]} 33. Qd2 {[%emt 0:00:12]} Qf6 {[%emt 0:00:18]} 1/2-1/2

[Event "48th Rilton Cup 2018"]
[Site "Stockholm"]
[Date "2018.12.29"]
[Round "3"]
[White "Pantzar, Milton"]
[Black "Nesterov, Arseniy"]
[Result "0-1"]
[WhiteElo "2334"]
[BlackElo "2411"]
[Annotator "TA"]
[PlyCount "132"]
[EventDate "2018.12.27"]
[EventType "swiss"]
[EventCountry "SWE"]
[SourceTitle "playchess.com"]
[Source "ChessBase"]
[SourceQuality "1"]

{[%evp 27,132,39,54,51,123,133,121,112,174,162,150,171,168,160,174,170,151,166,210,204,229,121,122,117,103,141,132,88,126,35,77,64,77,75,39,56,80,22,45,47,609,521,826,805,735,496,648,634,631,600,593,-243,-243,-243,-243,-243,-239,-234,-234,-231,-233,-224,-218,-341,-344,-345,-329,-330,-316,-477,-437,-468,-471,-481,-458,-422,-322,-492,-250,-244,-195,-176,0,-237,-217,-539,-542,-523,-516,-583,-574,-582,-522,-491,-492,-29977,-29980,-29980,-29981,-29990,-29991,-29991,-29992,-29993,-29994,-29994,-29995]} 1. e4 e5 2. Nf3 Nc6 3. Bb5 {[%cal Bf1b5,Bb5a4,Ba4b3][%mdl 32]} a6 4. Ba4 Nf6 5. O-O b5 6. Bb3 Bc5 7. c3 d6 8. a4 Rb8 9. d4 Bb6 10. a5 {C78: Ruy Lopez: Archangelsk and Möller Defences} Ba7 11. h3 O-O 12. Be3 Ra8 13. Nbd2 {[%cal Bb1d2,Bd2f1,Bf1g3][%mdl 32]} (13. Re1 h6 14. Nbd2 Re8 15. g4 Qe7 16. Nf1 Nd8 17. Ng3 c5 {0-1 (35) Caruana,F (2799)-Carlsen,M (2827) Douglas 2017}) 13... Bb7 14. Re1 h6 {LiveBook: 14 Games} 15. Nf1 Re8 (15... exd4 $14 16. cxd4 Ne7) 16. Ng3 $1 $16 exd4 17. cxd4 {[%cal Bc3d4,Bd4d5,Bd5c6,Bc6b7][%mdl 32]} Nxe4 $146 (17... Ne7 $16) ({Predecessor:} 17... Nb4) 18. d5 $1 $18 Nxg3 19. dxc6 Rxe3 20. cxb7 Rxe1+ 21. Nxe1 Rb8 22. Qf3 $1 {[%csl LRf7,LRg3][%mdl 64] Trapped Piece} Qf6 23. Qxg3 {Black must now prevent Nd3.} Qxb2 24. Ra2 (24. Rd1 $18) 24... Bxf2+ $16 25. Qxf2 Qxb3 26. Re2 Qd5 27. Qa7 Rxb7 28. Qxa6 ({White should play} 28. Qa8+ $16 Kh7 29. Nf3 (29. Qxa6 Qc5+ 30. Rf2 Ra7 $11)) 28... b4 29. Qa8+ Kh7 30. a6 Qd4+ 31. Kh1 Ra7 $1 {[%cal Ra7a8]} 32. Qc8 (32. Qc6 $1 $16) 32... Qf6 33. Re8 Qf1+ $2 {[%mdl 8192]} (33... g6 $1 $14) 34. Kh2 $18 Qf4+ 35. g3 $1 {[%cal Rg3f4]} Qf2+ 36. Ng2 b3 37. Rh8+ Kg6 {intending ...b2.} 38. Qg4+ Kf6 39. Rh7 $4 {[%mdl 8192]} (39. Qh4+ $18 Kg6 40. Qg4+ Kf6 41. Re8) 39... b2 $19 40. Qxg7+ Ke7 41. Qg6 d5 {Hoping for ...c6!} 42. Qh5 {[#]} Qg1+ $1 $40 {[%mdl 704] Decoy. Black goes for the king.} 43. Kxg1 {Qe5+ would kill now.} b1=Q+ {[%mdl 64] Double Attack} 44. Kh2 {White wants to mate with Qe5+.} Qxh7 {[%mdl 4096] Endgame KQR-KQN} 45. Qh4+ (45. Qxd5 {was worth a try.} Rxa6 46. Qc4) 45... Kd7 46. Qa4+ c6 47. Qb3 {Qb8 is the strong threat.} Qg8 48. Nf4 (48. Qb6 $142 Qa8 49. Qf2) 48... Kc7 49. Qa3 Qd8 50. Nd3 Qd6 51. Qa5+ Kc8 52. Nc5 (52. h4 {is a better defense.}) 52... Qc7 (52... d4 $142 53. Na4 c5 54. Nb6+ Kb8) 53. Qb4 Qe7 54. Qb6 {[#]} Qc7 ({Not} 54... Qe2+ 55. Kh1 $11) (54... Rc7 $142 $1 55. h4 d4) 55. Qb4 $1 h5 {[%cal Bh6h5,Bh5h4][%mdl 32] aiming for ...Qb8.} 56. Qb2 $2 (56. h4) 56... h4 57. Qh8+ Qd8 58. Qh6 hxg3+ 59. Kg2 Qe8 60. Qd6 Re7 {Strongly threatening ...Re2+.} 61. Kxg3 (61. Qxg3 $19 Re2+ 62. Kf1) 61... Re3+ {Black mates.} 62. Kf4 Rxh3 63. a7 Qe3+ 64. Kf5 Qf3+ 65. Ke5 Rh5+ 66. Kd4 Rh4+ {Accuracy: White = 46%, Black = 54%.} 0-1